[Event "GER-chT Federal Cup (Women)"]
[Site "Braunfels"]
[Date "2022.06.17"]
[Round "3.24"]
[White "Freter, Anke"]
[Black "Krausse, Vanessa"]
[Result "1-0"]
[WhiteElo "1856"]
[BlackElo "1632"]
[PlyCount "85"]
[EventDate "2022.06.15"]
[EventType "team-swiss"]
[EventRounds "5"]
[EventCountry "GER"]
[SourceTitle "EXT 2023"]
[Source "ChessBase"]
[SourceDate "2022.10.05"]
[SourceVersion "1"]
[SourceVersionDate "2022.10.05"]
[SourceQuality "1"]

1. e4 c5 2. Nc3 Nc6 3. g3 Nf6 4. Bg2 g6 5. f4 d6 6. d3 Bg7 7. Nf3 0-0 8. 0-0 Bd7 9. h3 Qb6 10. Kh2 e6 11. g4 a6 12. Ne2 d5 13. e5 Ne8 14. c3 f6 15. d4 cxd4 16. cxd4 fxe5 17. fxe5 Rc8 18. b3 Nb4 19. a3 Nc6 20. Bg5 Nc7 21. Qd2 Na5 22. Rab1 Bb5 23. Be7 Rf7 24. Bc5 Qc6 25. Rfc1 Bxe2 26. Qxe2 Qd7 27. Ng5 Bh6 28. Nxf7 Bxc1 29. Rxc1 Qxf7 30. Rf1 Qg7 31. Qf3 Nc6 32. g5 Nb5 33. Qg4 Re8 34. Rf6 Qd7 35. h4 Kg7 36. Bh3 Nc7 37. h5 Ne7 38. hxg6 hxg6 39. Qf3 Nf5 40. Qd3 Nb5 41. Kg1 Qc6 42. Bxf5 gxf5 43. Qh3 1-0

[Event "GER-chT Federal Cup (Women)"]
[Site "Braunfels"]
[Date "2019.06.22"]
[Round "4.15"]
[White "Freter, Anke"]
[Black "Woniak, Katarzyna"]
[Result "0-1"]
[WhiteElo "1856"]
[BlackElo "1915"]
[PlyCount "114"]
[EventDate "2019.06.20"]
[EventType "team-swiss"]
[EventRounds "5"]
[EventCountry "GER"]
[SourceTitle "CBM 191 Extra"]
[Source "ChessBase"]
[SourceDate "2019.09.30"]
[SourceVersion "1"]
[SourceVersionDate "2019.09.30"]
[SourceQuality "1"]

1. e4 g6 2. g3 Bg7 3. Bg2 d6 4. Nc3 Nf6 5. d3 c6 6. f4 Qb6 7. h3 Nbd7 8. g4 Nf8 9. Qf3 e6 10. Nge2 d5 11. e5 Ng8 12. d4 Ne7 13. Nd1 c5 14. dxc5 Qxc5 15. c3 Bd7 16. Be3 Qa5 17. Nd4 Nc6 18. 0-0 Nxd4 19. Bxd4 h5 20. Ne3 hxg4 21. hxg4 Bb5 22. Rfc1 Bc6 23. f5 gxf5 24. gxf5 Qd8 25. Qg3 Bh6 26. Ng4 Bg5 27. Re1 Qd7 28. b3 b6 29. Qf3 0-0-0 30. a4 Nh7 31. Ne3 Bxe3+ 32. Qxe3 Rhg8 33. Kf2 Ng5 34. a5 b5 35. Rg1 Kb8 36. Bc5 exf5 37. Bd6+ Ka8 38. Bxd5 Bxd5 39. Rxg5 Rxg5 40. Qxg5 Bxb3 41. a6 Bd5 42. Rb1 Rc8 43. Qd2 Be4 44. Ra1 Rh8 45. Qg5 Rh2+ 46. Ke3 Rh3+ 47. Kd2 Rd3+ 48. Ke2 Rxc3 49. Qg8+ Rc8 50. Rg1 Qe6 51. Rg7 Qa2+ 52. Ke3 Qxa6 53. Qxf7 Qb6+ 54. Kf4 Qf2+ 55. Kg5 Qg3+ 56. Kf6 Qh4+ 57. Ke6 Bd5+ 0-1

[Event "GER-chT Federal Cup (Women)"]
[Site "Braunfels"]
[Date "2019.06.21"]
[Round "3.23"]
[White "Pralle, Katharina"]
[Black "Freter, Anke"]
[Result "0-1"]
[WhiteElo "1971"]
[BlackElo "1856"]
[PlyCount "72"]
[EventDate "2019.06.20"]
[EventType "team-swiss"]
[EventRounds "5"]
[EventCountry "GER"]
[SourceTitle "CBM 191 Extra"]
[Source "ChessBase"]
[SourceDate "2019.09.30"]
[SourceVersion "1"]
[SourceVersionDate "2019.09.30"]
[SourceQuality "1"]

1. c4 Nf6 2. Nc3 g6 3. g3 d5 4. cxd5 Nxd5 5. Bg2 c6 6. Nf3 Bg7 7. 0-0 0-0 8. Re1 e5 9. Nxd5 cxd5 10. d3 Nc6 11. Rb1 h6 12. b3 Be6 13. Bb2 Qd7 14. d4 f6 15. dxe5 fxe5 16. Qd2 Kh7 17. Rf1 d4 18. Rbd1 Rac8 19. Nh4 Bf6 20. Bc1 Qg7 21. f4 exf4 22. Qxf4 Ne7 23. Nf3 Nd5 24. Qd6 Rc6 25. Qa3 Ra6 26. Qb2 Nc3 27. a4 Nxd1 28. Rxd1 Rd8 29. Qa3 Rb6 30. Nd2 d3 31. a5 Rb5 32. exd3 Bd4+ 33. Kh1 Bc5 34. Qa4 Rb4 35. Qa2 Rxd3 36. Be4 Rxe4 0-1

[Event "GER-ch (Women)"]
[Site "chess24.com INT"]
[Date "2019.05.29"]
[Round "5"]
[White "Ries, Jutta"]
[Black "Freter, Anke"]
[Result "1-0"]
[WhiteElo "2017"]
[BlackElo "1873"]
[PlyCount "135"]
[EventDate "2019.05.26"]
[EventType "swiss"]
[EventRounds "9"]
[EventCountry "GER"]
[SourceTitle "EXT 2020"]
[Source "ChessBase"]
[SourceDate "2019.10.17"]
[SourceVersion "1"]
[SourceVersionDate "2019.10.17"]
[SourceQuality "1"]
[WhiteTeam "Germany"]
[BlackTeam "Germany"]
[WhiteTeamCountry "GER"]
[BlackTeamCountry "GER"]

1. f4 d5 2. Nf3 g6 3. e3 Bg7 4. c4 Nf6 5. Nc3 0-0 6. cxd5 Nxd5 7. Bc4 c6 8. 0-0 b6 9. Ne5 e6 10. d4 Bb7 11. a4 Nd7 12. a5 Nxc3 13. bxc3 Nxe5 14. fxe5 Qc7 15. Qe2 c5 16. Ba3 Rfd8 17. Rf2 Rac8 18. Bd3 cxd4 19. cxd4 Qc3 20. Bb2 Qb4 21. axb6 Qxb6 22. Raf1 Rd7 23. Bb5 Bc6 24. Bxc6 Rxc6 25. Ba3 Rc3 26. Bb2 Rb3 27. Bc1 a5 28. Qa2 Qb5 29. Rb2 a4 30. Rff2 Rb7 31. Rxb3 Qxb3 32. Qxb3 Rxb3 33. Rb2 Rxb2 34. Bxb2 Bf8 35. Kf1 g5 36. g4 Kg7 37. Ke2 a3 38. Bc3 f6 39. exf6+ Kxf6 40. Kd3 Bd6 41. h3 Ke7 42. Kc4 Kd7 43. e4 Bf4 44. Kb3 Bd6 45. Bd2 Be7 46. Bc1 Kc6 47. Bxa3 Bf6 48. Kc4 Kd7 49. Bf8 Ke8 50. Bd6 Kd7 51. e5 Bh8 52. Bf8 Ke8 53. Bh6 Kf7 54. Bxg5 Bg7 55. Bf4 Ke7 56. d5 exd5+ 57. Kxd5 Ke8 58. Ke6 Bf8 59. Bg5 Bb4 60. Bf6 Bc5 61. Bg5 Bb4 62. Bh6 Be7 63. g5 Bb4 64. h4 Be1 65. h5 Bd2 66. Kf6 Bc3 67. g6 hxg6 68. hxg6 1-0

[Event "GER-chT Federal Cup (Women)"]
[Site "Braunfels"]
[Date "2018.06.01"]
[Round "3.5"]
[White "V D Weth V Nordheim, Petra"]
[Black "Freter, Anke"]
[Result "1-0"]
[WhiteElo "1940"]
[BlackElo "1834"]
[PlyCount "109"]
[EventDate "2018.05.31"]
[EventType "team-swiss"]
[EventRounds "5"]
[EventCountry "GER"]
[SourceTitle "EXT 2020"]
[Source "ChessBase"]
[SourceDate "2019.10.17"]
[SourceVersion "1"]
[SourceVersionDate "2019.10.17"]
[SourceQuality "1"]
[WhiteTeam "Thueringen (W)"]
[BlackTeam "Schleswig Holstein (W)"]
[WhiteTeamCountry "GER"]
[BlackTeamCountry "GER"]

1. d4 Nf6 2. g3 d5 3. Bg2 c6 4. Nf3 Bf5 5. 0-0 Nbd7 6. h3 h5 7. b3 Ne4 8. Ba3 Ndf6 9. Qc1 Qd7 10. h4 Bh3 11. c4 Bxg2 12. Kxg2 g6 13. Nbd2 Bh6 14. Qc2 Nxd2 15. Nxd2 g5 16. Rh1 gxh4 17. Rxh4 Bg5 18. Rhh1 h4 19. Nf3 h3+ 20. Kg1 Bf4 21. Bc1 Bxc1 22. Qxc1 0-0-0 23. Ne5 Qe6 24. Qf4 h2+ 25. Rxh2 Rxh2 26. Kxh2 Rh8+ 27. Kg2 Qh3+ 28. Kf3 Rh5 29. Ng4 Nh7 30. Ke3 f6 31. cxd5 Rxd5 32. Rc1 Rg5 33. f3 Qh5 34. Nf2 e5 35. dxe5 Rxe5+ 36. Ne4 Qe8 37. Kf2 Qe7 38. Rd1 Kc7 39. Nd6 b5 40. e4 Ng5 41. Qd2 Ne6 42. Nf5 Qh7 43. Qd6+ Kb6 44. Rc1 Qc7 45. Rd1 Qxd6 46. Rxd6 Kc7 47. Ke3 Nc5 48. Rxf6 a5 49. Rf7+ Kb6 50. Nd4 Na6 51. Kf4 Rc5 52. g4 a4 53. bxa4 bxa4 54. g5 Rc4 55. g6 1-0

[Event "Regionalliga Nord 1718 (Women)"]
[Site "Germany"]
[Date "2018.02.18"]
[Round "5.1"]
[White "Evers, Annika"]
[Black "Freter, Anke"]
[Result "1/2-1/2"]
[WhiteElo "1813"]
[BlackElo "1834"]
[PlyCount "52"]
[EventDate "2017.10.15"]
[EventType "team-tourn"]
[EventRounds "5"]
[EventCountry "GER"]
[SourceTitle "CBM 183 Extra"]
[Source "ChessBase"]
[SourceDate "2018.04.19"]
[SourceVersion "1"]
[SourceVersionDate "2018.04.19"]
[SourceQuality "1"]
[WhiteTeam "Norderstedt Harksheide (W) II"]
[BlackTeam "Quickborn Holstein (W)"]
[WhiteTeamCountry "GER"]
[BlackTeamCountry "GER"]

1. d4 Nf6 2. Nf3 g6 3. Bg5 Ne4 4. Bf4 Bg7 5. e3 c6 6. Nbd2 d5 7. Bd3 f5 8. 0-0 Nd7 9. c4 0-0 10. Qb3 e6 11. cxd5 Nxd2 12. Nxd2 exd5 13. Bd6 Rf6 14. Bg3 Rf7 15. Nf3 g5 16. Qc2 Nf8 17. h4 h6 18. hxg5 hxg5 19. Ne5 Bxe5 20. Bxe5 Ng6 21. Bh2 Qf6 22. g4 Nh4 23. gxf5 Nf3+ 24. Kg2 Nh4+ 25. Kg1 Nf3+ 26. Kg2 Nh4+ 1/2-1/2

[Event "Regionalliga Nord 1718 (Women)"]
[Site "Germany"]
[Date "2017.10.15"]
[Round "1.1"]
[White "Freter, Anke"]
[Black "Glinzner, Alva"]
[Result "0-1"]
[WhiteElo "1834"]
[BlackElo "1630"]
[PlyCount "72"]
[EventDate "2017.10.15"]
[EventType "team-tourn"]
[EventRounds "5"]
[EventCountry "GER"]
[SourceTitle "CBM 183 Extra"]
[Source "ChessBase"]
[SourceDate "2018.04.19"]
[SourceVersion "1"]
[SourceVersionDate "2018.04.19"]
[SourceQuality "1"]
[WhiteTeam "Quickborn Holstein (W)"]
[BlackTeam "Luebeck (W)"]
[WhiteTeamCountry "GER"]
[BlackTeamCountry "GER"]

1. e4 c5 2. Nf3 e6 3. d4 cxd4 4. Nxd4 a6 5. c4 Qc7 6. Nc3 Nf6 7. a3 b6 8. Be3 Bb7 9. f3 Be7 10. Rc1 d6 11. g3 Nbd7 12. Be2 Rc8 13. 0-0 0-0 14. Qd2 Nc5 15. Bd1 Rfd8 16. b4 Ncd7 17. Bb3 Qb8 18. Nde2 Ba8 19. g4 Ne5 20. Qd4 Nfd7 21. Ng3 Bf6 22. Qd2 Nxc4 23. Bxc4 Rxc4 24. Nh5 Be5 25. f4 Bxc3 26. Rxc3 Qc7 27. Rfc1 Rxc3 28. Rxc3 Qb7 29. Ng3 Nf6 30. Qc2 Nxg4 31. Rc7 Nxe3 32. Qc3 Qb8 33. Nh5 e5 34. fxe5 dxe5 35. Qxe5 Rd1+ 36. Kf2 Ng4+ 0-1

[Event "GER-ch international (Women)"]
[Site "Bodenmais"]
[Date "2017.08.04"]
[Round "7"]
[White "Freter, Anke"]
[Black "Von Herman, Brigitte"]
[Result "0-1"]
[WhiteElo "1879"]
[BlackElo "2058"]
[PlyCount "40"]
[EventDate "2017.07.29"]
[EventType "swiss"]
[EventRounds "9"]
[EventCountry "GER"]
[SourceTitle "EXT 2019"]
[Source "ChessBase"]
[SourceDate "2018.10.10"]
[SourceVersion "1"]
[SourceVersionDate "2018.10.10"]
[SourceQuality "1"]

1. e4 e5 2. Nf3 Nc6 3. Bb5 a6 4. Ba4 Nf6 5. 0-0 Be7 6. Re1 b5 7. Bb3 d6 8. a4 Rb8 9. axb5 axb5 10. Nc3 0-0 11. d4 Bg4 12. dxe5 Nxe5 13. Bf4 Bxf3 14. gxf3 Ng6 15. Be3 b4 16. Nd5 Nxd5 17. Bxd5 Bf6 18. Bd4 Nf4 19. Bc6 Bxd4 20. Qxd4 Qg5+ 0-1

[Event "WchT Seniors 50"]
[Site "Radebeul"]
[Date "2016.06.29"]
[Round "4.2"]
[White "Nauber, Walter"]
[Black "Freter, Anke"]
[Result "0-1"]
[WhiteElo "1941"]
[BlackElo "1865"]
[PlyCount "52"]
[EventDate "2016.06.26"]
[EventType "team-swiss"]
[EventRounds "9"]
[EventCountry "GER"]
[SourceTitle "CBM 173 Extra"]
[Source "ChessBase"]
[SourceDate "2016.08.29"]
[SourceVersion "1"]
[SourceVersionDate "2016.08.29"]
[SourceQuality "1"]
[WhiteTeam "Blue Wonder"]
[BlackTeam "Norderstedt"]
[WhiteTeamCountry "GER"]
[BlackTeamCountry "GER"]

1. d4 Nf6 2. c4 g6 3. Nc3 d5 4. Nf3 Bg7 5. e3 0-0 6. Qb3 c6 7. Bd3 b6 8. 0-0 Bb7 9. Bd2 Nbd7 10. cxd5 cxd5 11. Rfc1 a6 12. Rc2 e5 13. dxe5 Nc5 14. Qa3 Ng4 15. Be2 Nxe5 16. Rd1 Nc4 17. Bxc4 dxc4 18. Bc1 Nd3 19. Ne1 Qg5 20. f4 Qh5 21. Nxd3 Bxc3 22. Nf2 Bf6 23. Rxc4 Rad8 24. Rxd8 Rxd8 25. e4 Qe2 26. Qb4 a5 0-1

[Event "GER-chT Federal Cup (Women)"]
[Site "Braunfels"]
[Date "2015.06.05"]
[Round "3.3"]
[White "Dellert, Lena"]
[Black "Freter, Anke"]
[Result "0-1"]
[WhiteElo "1798"]
[BlackElo "1765"]
[PlyCount "116"]
[EventDate "2015.06.04"]
[EventType "team-swiss"]
[EventRounds "5"]
[EventCountry "GER"]
[SourceTitle "CBM 167 Extra"]
[Source "ChessBase"]
[SourceDate "2015.09.14"]
[SourceVersion "1"]
[SourceVersionDate "2015.09.14"]
[SourceQuality "1"]
[WhiteTeam "Rheinland Pfalz (W)"]
[BlackTeam "Schleswig Holstein (W)"]
[WhiteTeamCountry "GER"]
[BlackTeamCountry "GER"]

1. e4 c5 2. c3 d5 3. exd5 Qxd5 4. d4 cxd4 5. cxd4 Nc6 6. Nf3 e5 7. Nbd2 Nxd4 8. Nxd4 Qxd4 9. Bb5+ Bd7 10. Qe2 0-0-0 11. 0-0 Bxb5 12. Qxb5 Qd5 13. Qa4 Qd4 14. Qb3 f6 15. Nf3 Qd5 16. Qc2+ Kb8 17. Be3 Be7 18. Qa4 b6 19. Rac1 Kb7 20. Rfd1 Qe6 21. Qe4+ Kb8 22. Rxd8+ Bxd8 23. Qd3 Ne7 24. a4 Nd5 25. Bd2 Bc7 26. Qb5 Rd8 27. a5 Rd6 28. b4 g5 29. h3 Qd7 30. Qc4 h5 31. Be1 g4 32. hxg4 Qxg4 33. Qxg4 hxg4 34. Nh2 f5 35. f3 Nf4 36. Kf1 gxf3 37. Nxf3 Nd3 38. Rb1 Nxe1 39. Kxe1 e4 40. Nd2 Rh6 41. Kf2 Kc8 42. Nc4 bxa5 43. bxa5 f4 44. Rb4 Rc6 45. Ke2 Kd7 46. Ra4 Ke6 47. Nd2 e3 48. Nf3 Rc2+ 49. Kf1 Rc5 50. Nd4+ Kd5 51. Ne2 Rc4 52. Ra3 Be5 53. Rd3+ Ke4 54. Rd7 Ra4 55. Nxf4 Kxf4 56. Rxa7 Ra2 57. a6 e2+ 58. Ke1 Bc3+ 0-1